Crisis mangement for corporate self-defense : (Record no. 347626)
[ view plain ]
| 000 -LEADER | |
|---|---|
| fixed length control field | 01082 a2200169 4500 |
| 020 ## - INTERNATIONAL STANDARD BOOK NUMBER | |
| International Standard Book Number | 0814402658 (hardcover) |
| 020 ## - INTERNATIONAL STANDARD BOOK NUMBER | |
| International Standard Book Number | 9780814402658 (hardcover) |
| 082 04 - DEWEY DECIMAL CLASSIFICATION NUMBER | |
| Classification number | 658.4 |
| 090 ## - LOCALLY ASSIGNED LC-TYPE CALL NUMBER (OCLC); LOCAL CALL NUMBER (RLIN) | |
| -- | 5207 |
| -- | 5207 |
| 100 1# - MAIN ENTRY--PERSONAL NAME | |
| Personal name | Albrecht, Steve. |
| 245 10 - TITLE STATEMENT | |
| Title | Crisis mangement for corporate self-defense : |
| Remainder of title | how to protect your organization in a crisis ... how to stop a crisis before it starts / |
| Statement of responsibility, etc. | Steve Albrecht. |
| 260 ## - PUBLICATION, DISTRIBUTION, ETC. | |
| Place of publication, distribution, etc. | [S.l.] : |
| Name of publisher, distributor, etc. | AMACOM, |
| Date of publication, distribution, etc. | 1996. |
| 300 ## - PHYSICAL DESCRIPTION | |
| Extent | 256 p. ; |
| Dimensions | 23 cm. |
| 520 ## - SUMMARY, ETC. | |
| Summary, etc. | Disaster comes in all shapes and sizes. For companies it can be anything from a tainted product to a sexual harassment lawsuit to the unexpected death of a CEO to a literal earthquake. This engrossing book explains how to manage a crisis, rather than become its victim. Filled with detailed and fascinating stories of real-life organizational traumas, the book demonstrates how to handle any kind of crisis with minimal damage--and how to avoid problems in the first place. |
| 856 40 - ELECTRONIC LOCATION AND ACCESS | |
| Materials specified | Amazon.com |
| Uniform Resource Identifier | <a href="http://www.amazon.com/exec/obidos/ASIN/0814402658/chopaconline-20">http://www.amazon.com/exec/obidos/ASIN/0814402658/chopaconline-20</a> |
| 942 ## - ADDED ENTRY ELEMENTS (KOHA) | |
| Institution code [OBSOLETE] | NBS |
| Koha item type | Book |
| Call number prefix | 658.4 ALB |
| Withdrawn status | Lost status | Damaged status | Not for loan | Permanent Location | Current Location | Date acquired | Total Checkouts | Full call number | Barcode | Date last seen | Price effective from | Koha item type |
|---|---|---|---|---|---|---|---|---|---|---|---|---|
| Central Library (CL) | Central Library (CL) | 08/28/2013 | 658.4 ALB | NBS1872 | 08/28/2013 | 08/28/2013 | Book |
